| 000 | 00646nam a2200229 a 4500 | ||
|---|---|---|---|
| 001 | BRCA_4076 | ||
| 005 | 20190320204533.0 | ||
| 008 | 160210s1935----enk#######---#000-0#eng-# | ||
| 041 | _aeng | ||
| 044 | _aenk | ||
| 050 | 4 |
_aSB413 _b.A54 1935 |
|
| 100 | 1 |
_aAllwood, Montagu Charles _910558 |
|
| 245 | 1 | 0 |
_aCarnations and all Dianthus _cby Montagu C. Allwood ; with a foreword by Lord Aberconway. |
| 250 | _a2 | ||
| 260 |
_aHaywards Heath _bAllwood Bros _c1935 |
||
| 300 |
_a214 p. _bil., 157 láminas a color _c22 cm. |
||
| 500 | _aCEF46 | ||
| 650 | 1 | 4 |
_aClaveles _97676 |
| 700 | 1 |
_aAberconway, Lord _910559 |
|
| 902 | _aGFM | ||
| 942 |
_2lcc _cB |
||
| 999 |
_c3798 _d3798 |
||